Random Facts Quiz Stats

 Plays Quiz not verified by Sporcle

Score 0/12 Timer 05:00
0 Plays Today
Question Answer % Correct
Amount of hours cats sleep a day?16
82.2%
What is the number on the heinz ketchup bottle?57
77.1%
How many body parts are 3 letters long?10
77.1%
Only mammal that cant jump?elephant
45.8%
What is odontophobia?fear of teeth
44.9%
What does the pancreas produce?insulin
31.4%
Most common name in the world? (think superbad)Mohammad
28%
Fastest random speaker of 350 words per minute (President)Kennedy
23.7%
What does karaoke mean? empty orchestra
12.7%
What is the surface area of an average brick (in square cm)?79
9.3%
First person selected as time magazine man of the year?Charles Lindberg
4.2%
Most money paid for a cow in an auction?1.3 million
1.7%

You're not logged in!

Compare scores with friends on all Sporcle quizzes.
OR
Log In

Show Comments

Extras

Created Oct 21, 2010ReportNominate

Top Quizzes Today


Score Distribution

Your Account Isn't Verified!

In order to create a playlist on Sporcle, you need to verify the email address you used during registration. Go to your Sporcle Settings to finish the process.

Report this User

Report this user for behavior that violates our Community Guidelines.

Details: